Repercusiones en América Latina de los cambios en Europa. Parte 2: Relaciones Centroamérica - Europa /
সংরক্ষণ করুন:
| প্রধান লেখক: | |
|---|---|
| সংস্থা লেখক: | , |
| অন্যান্য লেখক: | |
| বিন্যাস: | পাঠ্য |
| প্রকাশিত: |
Heredia:
UNA
|
| ট্যাগগুলো: |
ট্যাগ যুক্ত করুন
কোনো ট্যাগ নেই, প্রথমজন হিসাবে ট্যাগ করুন!
|
MARC
| LEADER | 00000 a a2200000 04500 | ||
|---|---|---|---|
| 001 | 25934 | ||
| 003 | |||
| 040 | |||
| 090 | |a 174406 | ||
| 100 | |a Ríos Barboza, Mayrand | ||
| 110 | |a Universidad Nacional. Escuela de Relaciones Internacionales | ||
| 245 | |a Repercusiones en América Latina de los cambios en Europa. Parte 2: Relaciones Centroamérica - Europa / |c Universidad Nacional. Escuela de Relaciones Internacionales | ||
| 260 | |a Heredia: |b UNA | ||
| 300 | |a 192 p | ||
| 700 | |a ed. | ||
| 710 | |a OEA | ||
| 999 | |c 13228 |d 13228 | ||
